| 000 | 01200cam a2200325 a 4500 | ||
|---|---|---|---|
| 999 |
_c8595 _d8595 |
||
| 001 | 8595 | ||
| 003 | BD-JhCC | ||
| 005 | 20180227195040.0 | ||
| 008 | 050419s2004 nyu b 000 0 eng | ||
| 020 | _a0195799747 | ||
| 035 | _a(BD-JhCC)8595 | ||
| 040 |
_aUKM _cUKM _dNTE _dDLC _dBD-JhCC |
||
| 041 | 1 |
_aeng _aurd _hurd |
|
| 050 | 0 | 0 |
_aPK2199.I65 _bA24 2004 |
| 082 | 0 | 4 |
_a891.4'3915 _222 _bIQB 2004 |
| 100 | 1 |
_aIqbal, Muhammad, _cSir, _d1877-1938. |
|
| 240 | 1 | 0 | _aPoems |
| 245 | 1 | 0 |
_aPoems from Iqbal : _brenderings in English verse with comparative Urdu text / _ctranslated by V.G. Kiernan. |
| 250 | _a2004 ed. | ||
| 260 |
_aOxford ; _aNew York : _bOxford University Press, _c2004. |
||
| 300 |
_a292 p. ; _c22 cm. |
||
| 500 | _aOriginally published: 1995. | ||
| 504 | _aIncludes bibliographical references (p. [283]-292). | ||
| 650 | 0 |
_aUrdu poetry _vTranslations into English. |
|
| 700 | 1 |
_aKiernan, V. G. _q(Victor Gordon), _d1913-2009. |
|
| 856 | 4 | 2 |
_3Publisher description _uhttp://www.loc.gov/catdir/enhancements/fy0626/2005274165-d.html |
| 856 | 4 | 2 |
_3Contributor biographical information _uhttp://www.loc.gov/catdir/enhancements/fy0725/2005274165-b.html |
| 942 |
_2ddc _cBK |
||